| 000 | 00507nam a2200181Ia 4500 | ||
|---|---|---|---|
| 008 | 140321s9999 xx 000 0 und d | ||
| 020 | _a9789814352338 | ||
| 050 |
_aT 58.6 _b.B585 2012 |
||
| 100 | _aBidgoli,Hossein | ||
| 245 |
_aManagement information system / _cHossein Bidgoli. |
||
| 260 |
_aPhilippines : _bCengage Learning, _cc2012. |
||
| 300 |
_a311 p. : _c26 cm. |
||
| 500 | _aIncludes index. | ||
| 521 | _aIT | ||
| 650 | _aManagement information systems. | ||
| 942 |
_kLOC _cBK |
||
| 999 |
_c48346 _d48346 |
||